|
|
|
|
| LEADER |
00000nam0a2200000 4500 |
| 001 |
340835 |
| 005 |
20231102005301.0 |
| 035 |
|
|
|a (RuTPU)RU\TPU\book\367792
|
| 090 |
|
|
|a 340835
|
| 100 |
|
|
|a 20180409d1979 k y0rusy50 ca
|
| 101 |
0 |
|
|a rus
|
| 102 |
|
|
|a RU
|
| 105 |
|
|
|a a dm 001zy
|
| 200 |
1 |
|
|a Исследования в области концентрирования и определения микроколичеств церия и марганца в материалах черной металлургии
|e автореферат диссертации на соискание ученой степени кандидата химических наук
|e спец. 02.00.02
|f Л. С. Фокина
|g Государственный научно-исследовательский и проектный институт редкометаллической промышленности ; науч. рук. Х. З. Брайнина ; науч. конс. Н. Д. Федорова
|
| 210 |
|
|
|a Москва
|c [Б. и.]
|d 1979
|
| 215 |
|
|
|a 23 с.
|c ил.
|
| 300 |
|
|
|a Защита сост. 15.05.1979 г.
|
| 320 |
|
|
|a Библиогр.: с. 22-23 (11 назв.)
|
| 606 |
1 |
|
|a Металлы
|x Химический анализ
|2 stltpush
|3 (RuTPU)RU\TPU\subj\43030
|
| 610 |
1 |
|
|a черная металлургия
|
| 610 |
1 |
|
|a металлургические материалы
|
| 610 |
1 |
|
|a церий
|
| 610 |
1 |
|
|a марганец
|
| 610 |
1 |
|
|a микроколичество
|
| 610 |
1 |
|
|a определение
|
| 610 |
1 |
|
|a концентрирование
|
| 610 |
1 |
|
|a авторефераты диссертаций
|
| 610 |
1 |
|
|a библиотека А. Г. Стромберга
|
| 675 |
|
|
|a 669:543(04)
|v 4
|
| 686 |
|
|
|a 02.00.02
|2 oksvnk
|
| 700 |
|
1 |
|a Фокина
|b Л. С.
|g Лидия Семеновна
|
| 702 |
|
1 |
|a Брайнина
|b Х. З.
|4 727
|
| 702 |
|
1 |
|a Федорова
|b Н. Д.
|4 695
|
| 712 |
0 |
2 |
|a Государственный научно-исследовательский и проектный институт редкометаллической промышленности
|2 stltpush
|3 (RuTPU)RU\TPU\col\12746
|9 25517
|
| 801 |
|
1 |
|a RU
|b 63413507
|c 20180409
|
| 801 |
|
2 |
|a RU
|b 63413507
|c 20180523
|g RCR
|
| 942 |
|
|
|c BK
|